Los países no alineados : (Registro nro. 18857)
[ vista simple ]
| 000 -LEADER | |
|---|---|
| fixed length control field | 00677nam a2200205 a 4500 |
| 005 - DATE AND TIME OF LATEST TRANSACTION | |
| control field | 20250331184418.0 |
| 007 - PHYSICAL DESCRIPTION FIXED FIELD--GENERAL INFORMATION | |
| fixed length control field | ta |
| 008 - FIXED-LENGTH DATA ELEMENTS--GENERAL INFORMATION | |
| fixed length control field | 960311s1995 ck a gr 000 0 spa |
| 015 ## - NATIONAL BIBLIOGRAPHY NUMBER | |
| National bibliography number | ck-1995-xxxx |
| 040 ## - CATALOGING SOURCE | |
| Original cataloging agency | CO-CtgCURN |
| Language of cataloging | spa |
| Transcribing agency | coctgcurn |
| 082 0# - DEWEY DECIMAL CLASSIFICATION NUMBER | |
| Classification number | 341.73 |
| Item number | C873 |
| 100 1# - MAIN ENTRY--PERSONAL NAME | |
| Personal name | Covo Torres, Javier, |
| Dates associated with a name | 1958- |
| 245 14 - TITLE STATEMENT | |
| Title | Los países no alineados : |
| Remainder of title | XI Cumbre, Cartagena, Colombia / |
| Statement of responsibility, etc. | Javier Covo Torres. |
| 260 ## - PUBLICATION, DISTRIBUTION, ETC. | |
| Place of publication, distribution, etc. | Bogotá : |
| Name of publisher, distributor, etc. | Tercer Mundo, |
| Date of publication, distribution, etc. | 1995. |
| 300 ## - PHYSICAL DESCRIPTION | |
| Extent | 234 p. : |
| Other physical details | todas il. ; |
| Dimensions | 28 cm. |
| 651 #4 - SUBJECT ADDED ENTRY--GEOGRAPHIC NAME | |
| Geographic name | Países no alineados. |
| 942 ## - ADDED ENTRY ELEMENTS (KOHA) | |
| Source of classification or shelving scheme | Dewey Decimal Classification |
| Koha item type | Libros |
| Classification part | 341.73 |
| Item part | C873 |
| 960 ## - PHYSICAL LOCATION (RLIN) | |
| -- | 341.73 |
| -- | C782 |
| Withdrawn status | Lost status | Source of classification or shelving scheme | Damaged status | Not for loan | Collection | Home library | Current library | Shelving location | Date acquired | Source of acquisition | Cost, normal purchase price | Inventory number | Total checkouts | Full call number | Barcode | Date last seen | Copy number | Price effective from | Koha item type | Public note |
|---|---|---|---|---|---|---|---|---|---|---|---|---|---|---|---|---|---|---|---|---|
| Dewey Decimal Classification | General | Miguel Henríquez Castañeda | Miguel Henríquez Castañeda | General | 10/09/2018 | Biblioteca personal del Fundador | 45000.00 | 022495 | 341.73_C873 | 022495 | 10/09/2018 | ej.1 | 03/31/2025 | Libros | 340-DEREC |